000
00264nam a2200097Ia 4500
001
1116629
005
20250827004049.0
008
250824s9999 xx 000 0 und d
245
0
_a
CEMİL MERİÇ KONUŞUYOR İ1 1
_c
MUSTAFA ARMAĞAN
260
_b
KETEBE YAYINLARI
999
_c
1116629
_d
1116629